Becoming the Woman I want to be (Record no. 11077)

MARC details
000 -LEADER
fixed length control field 00618nam a2200241 a 4500
001 - CONTROL NUMBER
control field 0001-1077
003 - CONTROL NUMBER IDENTIFIER
control field ELIB.Books
008 - FIXED-LENGTH DATA ELEMENTS--GENERAL INFORMATION
fixed length control field 150108 2010 eng
020 ## - INTERNATIONAL STANDARD BOOK NUMBER
International Standard Book Number 13: 9780764222945
035 ## - SYSTEM CONTROL NUMBER
System control number (ELIB.Books)0001-1232
092 ## - LOCALLY ASSIGNED DEWEY CALL NUMBER (OCLC)
Classification number 248.8
Item number Par
100 ## - MAIN ENTRY--PERSONAL NAME
Personal name Partow, Donna.
245 ## - TITLE STATEMENT
Title Becoming the Woman I want to be
260 ## - PUBLICATION, DISTRIBUTION, ETC. (IMPRINT)
Place of publication, distribution, etc. Minneapolis:
Name of publisher, distributor, etc. Bethany House
Date of publication, distribution, etc. 2004
300 ## - PHYSICAL DESCRIPTION
Extent 314
Dimensions 21.5 Cm
500 ## - GENERAL NOTE
General note C/o Moe Lwai
650 ## - SUBJECT ADDED ENTRY--TOPICAL TERM
Topical term or geographic name as entry element Chrsitian Woman
856 ## - ELECTRONIC LOCATION AND ACCESS
Name of location of host KBTS; Library
Uniform Resource Identifier <a href="KBTS; Elib.">KBTS; Elib.</a>
942 ## - ADDED ENTRY ELEMENTS (KOHA)
Source of classification or shelving scheme Dewey Decimal Classification
Koha item type Books
990 ## - EQUIVALENCES OR CROSS-REFERENCES [LOCAL, CANADA]
Link information for 9XX fields 1
998 ## - LOCAL CONTROL INFORMATION (RLIN)
Cataloger's initials, CIN (RLIN) bat
-- 2015-01-08
Holdings
Withdrawn status Lost status Source of classification or shelving scheme Damaged status Not for loan Home library Current library Date acquired Total Checkouts Barcode Date last seen Bill Date Koha item type
    Dewey Decimal Classification     Karen Baptist Theological Seminary Library Karen Baptist Theological Seminary Library 08/01/2015   15286 22/01/2022 22/01/2022 Books
Implemented & Customized by: BestBookBuddies

Powered by Koha